000 00316nam a22001337a 4500
008 181009b xxu||||| |||| 00| 0 eng d
020 _a0538819472
041 _aeng
080 _a330
100 _a58
101 _aBIZ
245 _aThe Legal and Regulatory Environment of Business
_cCameron,G.D
942 _2udc
_cBK
999 _c49247
_d49247